000 00547nam a2200229Ia 4500
003 OSt
005 20220924134701.0
006 a|||||r|||| 00| 0
007 ta
008 220923b |||||||| |||| 00| 0 tam d
024 _a285679
037 _cTextual
040 _aARTS
_cARTS
_btam
041 _2tam
_atam
082 _aO35,1:g, M1
100 _aLalitha
_9209014
245 0 _aCahatu Kawtavadhu
260 _c1981
650 _aTAMIL LITERATURE
942 _hO35,1:g, M1
_cTEXL
_2CC
999 _c438243
_d438243